[Event "Wroclaw Anderssen Memorial op-B 22nd"]
[Site "Wroclaw"]
[Date "2013.06.30"]
[Round "2"]
[White "Karnas, Leszek"]
[Black "Michalski, Filip"]
[Result "0-1"]
[WhiteElo "1806"]
[BlackElo "1654"]
[PlyCount "78"]
[EventDate "2013.06.30"]
[EventType "swiss"]
[EventRounds "7"]
[EventCountry "POL"]
[SourceTitle "EXT 2014"]
[Source "ChessBase"]
[SourceDate "2013.11.20"]
[SourceVersion "1"]
[SourceVersionDate "2013.11.20"]
[SourceQuality "1"]

1. d4 e6 2. c4 d5 3. Nf3 Nf6 4. Nc3 Be7 5. e3 0-0 6. Bd3 c6 7. 0-0 Nbd7 8. cxd5 exd5 9. Qc2 Bd6 10. e4 dxe4 11. Nxe4 Nxe4 12. Bxe4 Nf6 13. Bd3 h6 14. Re1 Be6 15. b3 Nd5 16. Ne5 Bxe5 17. Rxe5 Qb6 18. Qc5 Qc7 19. Ba3 Rfd8 20. g3 Nf6 21. Be2 Nd7 22. Qc3 Nxe5 23. dxe5 Rac8 24. Bc5 b6 25. Bd6 Rxd6 26. exd6 Qxd6 27. Rd1 Qe7 28. Bf3 c5 29. Qe5 Rd8 30. Re1 Qd7 31. Re2 Bh3 32. Bg2 Bg4 33. f3 Be6 34. Qe3 Qb5 35. f4 Bg4 36. Re1 Qa5 37. a4 Qb4 38. Be4 a6 39. Bc2 g6 0-1

[Event "Wroclaw Anderssen Memorial op-B 22nd"]
[Site "Wroclaw"]
[Date "2013.06.30"]
[Round "6"]
[White "Kruk, Ireneusz"]
[Black "Karnas, Leszek"]
[Result "0-1"]
[WhiteElo "1504"]
[BlackElo "1806"]
[PlyCount "128"]
[EventDate "2013.06.30"]
[EventType "swiss"]
[EventRounds "7"]
[EventCountry "POL"]
[SourceTitle "EXT 2014"]
[Source "ChessBase"]
[SourceDate "2013.11.20"]
[SourceVersion "1"]
[SourceVersionDate "2013.11.20"]
[SourceQuality "1"]

1. e4 e6 2. c3 d5 3. e5 c5 4. d4 Qb6 5. Nf3 Nc6 6. Be2 cxd4 7. cxd4 Nge7 8. b3 Nf5 9. Be3 Bb4+ 10. Nbd2 Bc3 11. Rc1 Bxd4 12. Rxc6 Qxc6 13. Bxd4 0-0 14. 0-0 Bd7 15. g4 Nxd4 16. Nxd4 Qc3 17. N4f3 Rac8 18. Ng5 Qxe5 19. Ndf3 Qf4 20. Qd3 g6 21. Kh1 a6 22. Qd1 Rc3 23. Rg1 Rfc8 24. Nh3 Qh6 25. Rg3 Rc1 26. g5 Rxd1+ 27. Bxd1 Qg7 28. Kg2 Rc1 29. Be2 Rc2 30. Bd3 Rxa2 31. Rg4 e5 32. Rh4 e4 33. Bxe4 dxe4 34. Rxe4 Bc6 35. Re7 Qf8 36. Re3 Qc5 37. Kg3 Qd6+ 38. Nf4 Bxf3 39. Kxf3 Qc6+ 40. Kg3 Rc2 41. h4 Rc3 42. h5 Rxe3+ 43. fxe3 Qe4 44. Kf2 gxh5 45. Nxh5 Qh4+ 46. Ng3 Qxg5 47. Kf3 Qd5+ 48. Kf4 Qxb3 49. e4 a5 50. Nf5 a4 51. Ne7+ Kf8 52. Nf5 a3 53. Kg5 a2 54. Kh6 Qh3+ 55. Kg5 a1R 56. Kf6 Ra6+ 57. Ke5 Re6+ 58. Kd5 Qd3+ 59. Nd4 Qxe4+ 60. Kc5 Qe5+ 61. Kc4 Rd6 62. Nb5 Rc6+ 63. Kb4 Qc5+ 64. Ka4 Ra6+ 0-1

[Event "POL-ch Amateur"]
[Site "Wroclaw"]
[Date "2012.06.24"]
[Round "6"]
[White "Karnas, Leszek"]
[Black "Glatty, Zbigniew"]
[Result "1-0"]
[WhiteElo "1850"]
[BlackElo "1936"]
[PlyCount "99"]
[EventDate "2012.06.22"]
[EventType "swiss"]
[EventRounds "7"]
[EventCountry "POL"]
[SourceTitle "EXT 2013"]
[Source "ChessBase"]
[SourceDate "2012.11.22"]
[SourceVersion "1"]
[SourceVersionDate "2012.11.22"]
[SourceQuality "1"]

1. d4 d5 2. c4 e6 3. Nf3 c6 4. Nc3 Nf6 5. Bg5 Nbd7 6. e3 Qa5 7. Nd2 Bb4 8. Qc2 0-0 9. Bxf6 Nxf6 10. Bd3 Qc7 11. Nf3 c5 12. cxd5 cxd4 13. Nxd4 Bxc3+ 14. Qxc3 Qxc3+ 15. bxc3 Nxd5 16. Kd2 Bd7 17. c4 Nb4 18. Be4 e5 19. a3 exd4 20. axb4 dxe3+ 21. Kxe3 Rfe8 22. Kf3 Bc8 23. Rhe1 Kf8 24. Re3 a6 25. c5 Rb8 26. Rd1 Be6 27. Rd6 Bc4 28. Bd3 Rxe3+ 29. Kxe3 Re8+ 30. Kd4 Be6 31. Be4 Bc8 32. Bf3 h6 33. Kc4 Re6 34. Rd8+ Re8 35. Rxc8 Rxc8 36. Bxb7 Rd8 37. Bxa6 Rd2 38. c6 Ke7 39. Kc5 Rc2+ 40. Kb6 Kd6 41. b5 h5 42. h3 h4 43. f3 g5 44. Bb7 f5 45. Bc8 f4 46. Bf5 Rc5 47. Bd7 Rc2 48. Kb7 Rc1 49. b6 Rc2 50. Kc8 1-0

[Event "Wroclaw Cup-A"]
[Site "Wroclaw"]
[Date "2012.05.03"]
[Round "6"]
[White "Karnas, Leszek"]
[Black "Tworzydlo, Piotr"]
[Result "0-1"]
[WhiteElo "1850"]
[BlackElo "2107"]
[PlyCount "70"]
[EventDate "2012.04.30"]
[EventType "swiss"]
[EventRounds "9"]
[EventCountry "POL"]
[SourceTitle "EXT 2013"]
[Source "ChessBase"]
[SourceDate "2012.11.22"]
[SourceVersion "1"]
[SourceVersionDate "2012.11.22"]
[SourceQuality "1"]

1. d4 Nf6 2. c4 g6 3. Nc3 d5 4. cxd5 Nxd5 5. e4 Nxc3 6. bxc3 Bg7 7. Bc4 c5 8. Ne2 0-0 9. 0-0 Nc6 10. Be3 Bg4 11. f3 Na5 12. Bb3 cxd4 13. cxd4 Bd7 14. Rc1 b5 15. Qd2 Nxb3 16. axb3 a5 17. Rc2 f5 18. b4 fxe4 19. fxe4 Rxf1+ 20. Kxf1 axb4 21. Qxb4 Ra4 22. Qc5 Bf8 23. Bg5 Qe8 24. Bf4 Qf7 25. Ke1 b4 26. d5 b3 27. Rb2 Rxe4 28. Bd2 Bg4 29. Bc3 Qf4 30. h3 Qc1+ 31. Kf2 Bxe2 32. Rxe2 Rxe2+ 33. Kxe2 Qc2+ 34. Kf3 b2 35. Qd4 b1Q 0-1

[Event "Wroclaw-ch 54th"]
[Site "Wroclaw"]
[Date "2006.08.04"]
[Round "7"]
[White "Stepien, Marcin"]
[Black "Karnas, Leszek"]
[Result "1-0"]
[WhiteElo "2014"]
[BlackElo "1889"]
[PlyCount "111"]
[EventDate "2006.07.31"]
[EventType "swiss"]
[EventRounds "9"]
[EventCountry "POL"]
[SourceTitle "CBM 113 Extra"]
[Source "ChessBase"]
[SourceDate "2006.09.14"]
[SourceVersion "1"]
[SourceVersionDate "2006.09.14"]
[SourceQuality "1"]

1. e4 d5 2. Nc3 d4 3. Nce2 e5 4. Nf3 Bd6 5. Ng3 Nf6 6. Bc4 0-0 7. 0-0 Nc6 8. c3 Bg4 9. h3 Bxf3 10. Qxf3 Na5 11. Be2 c5 12. d3 Re8 13. Bg5 Re6 14. Nf5 Bf8 15. Qg3 Kh8 16. f4 Nc6 17. fxe5 Nxe5 18. Bxf6 gxf6 19. cxd4 cxd4 20. Rf4 Ng6 21. Rg4 Bd6 22. Qf2 Rc8 23. Bd1 Rc7 24. Bb3 Re8 25. h4 Be5 26. h5 Qc8 27. Qd2 Ne7 28. Nh6 Rf8 29. Bxf7 Rc2 30. Qe1 Qc7 31. Bb3 Bf4 32. Bxc2 Bxh6 33. Bb3 Qe5 34. Qg3 Qxh5 35. Rh4 Be3+ 36. Kh1 Qg6 37. Qxg6 Nxg6 38. Rg4 Ne5 39. Rg3 Nxd3 40. Rf1 Nf2+ 41. Kh2 h5 42. Rf3 Nxe4 43. Bc2 Ng5 44. Rxf6 Rxf6 45. Rxf6 Kg7 46. Rf5 h4 47. Rd5 Kf6 48. Rd7 b5 49. Rxa7 Bf4+ 50. Kg1 b4 51. Rb7 Bd6 52. Rb6 Ke5 53. Rb5+ Kf4 54. Rf5+ Ke3 55. Rxg5 d3 56. Bxd3 1-0

[Event "Wroclaw-ch 54th"]
[Site "Wroclaw"]
[Date "2006.08.01"]
[Round "3"]
[White "Karnas, Leszek"]
[Black "Wielosz, Jaroslaw"]
[Result "1/2-1/2"]
[WhiteElo "1889"]
[BlackElo "2017"]
[PlyCount "64"]
[EventDate "2006.07.31"]
[EventType "swiss"]
[EventRounds "9"]
[EventCountry "POL"]
[SourceTitle "CBM 113 Extra"]
[Source "ChessBase"]
[SourceDate "2006.09.14"]
[SourceVersion "1"]
[SourceVersionDate "2006.09.14"]
[SourceQuality "1"]

1. d4 Nf6 2. c4 e6 3. Nf3 b6 4. a3 Bb7 5. Nc3 Ne4 6. Qc2 f5 7. g3 Nxc3 8. Qxc3 a5 9. Bd2 Be7 10. Bg2 Bf6 11. 0-0 0-0 12. Qc1 Be4 13. Rd1 Qc8 14. e3 Qb7 15. Ne1 Bxg2 16. Nxg2 Nc6 17. Qc2 Ne7 18. Rac1 Rac8 19. Qb3 Qf3 20. Ne1 Qa8 21. Qd3 h5 22. Qe2 h4 23. Qf3 Qa6 24. Ng2 hxg3 25. hxg3 Rf7 26. Nf4 Bg5 27. Kg2 Qa8 28. Qxa8 Rxa8 29. Nd3 Rff8 30. Bc3 d6 31. Rh1 Kf7 32. Ra1 Kg6 1/2-1/2

[Event "Wroclaw-ch 54th"]
[Site "Wroclaw"]
[Date "2006.07.31"]
[Round "1"]
[White "Hermanowicz, Dominika"]
[Black "Karnas, Leszek"]
[Result "1-0"]
[WhiteElo "2088"]
[BlackElo "1889"]
[PlyCount "82"]
[EventDate "2006.07.31"]
[EventType "swiss"]
[EventRounds "9"]
[EventCountry "POL"]
[SourceTitle "CBM 113 Extra"]
[Source "ChessBase"]
[SourceDate "2006.09.14"]
[SourceVersion "1"]
[SourceVersionDate "2006.09.14"]
[SourceQuality "1"]

1. e4 c5 2. Nf3 Nc6 3. Bb5 e6 4. Bxc6 bxc6 5. 0-0 Nf6 6. e5 Nd5 7. b3 Be7 8. Bb2 0-0 9. d3 f5 10. c4 Nf4 11. Qd2 Ng6 12. d4 cxd4 13. Qxd4 c5 14. Qe3 Qc7 15. Nc3 a6 16. Rad1 Bb7 17. Ne2 Bc6 18. Nf4 Nxf4 19. Qxf4 Qd8 20. Qe3 g5 21. Ne1 f4 22. Qd3 g4 23. f3 g3 24. hxg3 fxg3 25. f4 Bh4 26. Qe2 Rf7 27. Qh5 Be4 28. Qe2 Bf5 29. Qe3 Rc8 30. Rd6 a5 31. Nf3 Be7 32. Rfd1 Rc7 33. Bc3 Ra7 34. Qxc5 Bxd6 35. exd6 Ra6 36. Qe5 Rf6 37. Qxf6 Qxf6 38. Bxf6 Kf7 39. Bh4 Rc6 40. Bxg3 Rc5 41. Bf2 Kf8 1-0

[Event "Wroclaw op"]
[Site "Wroclaw"]
[Date "2004.??.??"]
[Round "4"]
[White "Karnas, Leszek"]
[Black "Sabuk, Piotr"]
[Result "0-1"]
[WhiteElo "2000"]
[BlackElo "2000"]
[PlyCount "110"]
[EventDate "2004.??.??"]
[EventType "swiss"]
[EventRounds "9"]
[EventCountry "POL"]
[SourceTitle "EXT 2007"]
[Source "ChessBase"]
[SourceDate "2006.11.23"]
[SourceVersion "1"]
[SourceVersionDate "2006.11.23"]
[SourceQuality "1"]

1. d4 d5 2. c4 Nc6 3. e3 e6 4. Nf3 Nf6 5. a3 dxc4 6. Bxc4 Bd6 7. Nc3 0-0 8. 0-0 e5 9. dxe5 Nxe5 10. Nxe5 Bxe5 11. Qxd8 Rxd8 12. Ne2 Ne4 13. f3 Nc5 14. e4 Be6 15. Bxe6 Nxe6 16. Rb1 Nd4 17. Nxd4 Bxd4+ 18. Kh1 Bb6 19. Bf4 Rd3 20. Rfd1 Rad8 21. Rxd3 Rxd3 22. Be5 f6 23. Bc3 Bc5 24. Rc1 Be3 25. Rb1 Bd4 26. Bxd4 Rxd4 27. h3 Kf7 28. Kh2 Rd2 29. Kg3 h5 30. h4 Ke6 31. b3 Ke5 32. Rc1 c6 33. Rc5+ Ke6 34. b4 g6 35. b5 Kd6 36. bxc6 bxc6 37. Ra5 c5 38. Rxa7 Ra2 39. f4 c4 40. Ra6+ Kc5 41. Rxf6 c3 42. Rf8 c2 43. Rc8+ Kd4 44. f5 Rxa3+ 45. Kf4 Rc3 46. Rd8+ Kc4 47. Rc8+ Kd3 48. Rxc3+ Kxc3 49. fxg6 c1Q+ 50. Kf5 Qh6 51. e5 Kd4 52. e6 Qg7 53. Kg5 Ke5 54. Kxh5 Kxe6 55. g4 Kf6 0-1